1249 1084 1196 1830 1860 1338 1884 1159 1153 1761 1006 1753 1707 1965 1160 1578 1272 1548 1441 1714 1737 1336 1764 1218 1992 1400 1220 1903 1881 1962 1377 1451 1202 1118 1377 1945 1886 1734 1777 1567 1930 1766 1120 1076 1534 1042 1577 1562 1493 1423 1513 1984 1648 1047 1670 1192 1582 1750 1626 1703 1863 1071 1238 1219 1313 1601 1008 1225 1302 1081 1888 1571 1232 1171 1145 1017 1619 1448 1723 1588 1309 1863 1773 1975 1361 1045 1331 1719 1937 1421 1764 1090 1529 1238 1206 1287 1014 1834 1238 BCNSPRNW ULIB Ver.6.0+V

เปลี่ยนเป็นภาษาไทย

Change to English
 แสดงรายละเอียดบรรณานุกรม
  กลับหน้าหลัก

Brief Record : Get Marc (ISO 2709) : E-mail record : QR code < ปิดหน้าต่าง
LEADER : 00000nam 2200000uu 4500
001    13399125638
003     ULIB
008    170712s2559||||th 000 0 tha d
020    ^a9786167785332
060  0 ^aWB327^bน152ส
100 0  ^aนที วารีกิจพันธุ์
245 00 ^aสุขภาพดีง่ายมากๆ /^cนที วารีกิจพันธุ์
260    ^aกรุงเทพฯ :^bเดอะ ชีนนิธ อินเตอร์บุ๊ก,^c2559
300    ^a176 หน้า ;^c21 ซม.
650  0 ^aสุขภาพ
945    ^p180^l0^i002616
999    ^aประนอม เกษจรัล
รายการนี้ยังไม่มีแท็ก
คุณยังไม่ได้ล็อกอิน คุณสามารถมีกิจกรรมร่วมกับเว็บไซต์ได้ แต่ต้องล็อกอินก่อน ::
  ล็อกอิน

รายการสื่อสารสนเทศ

ลำดับที่ ประเภท เลขเรียก/บาร์โค้ด สถานที่ สถานะ
1. วิทยาศาสตร์การแพทย์ และสุขภาพ
วิทยาศาสตร์การแพทย์ และสุขภาพ
สถานะ=หนังสือเก่า
WB327 น152ส ฉ.1 
  Barcode: 002616
ห้องสมุดวิทยาเขตสวรรค์ประชารักษ์
►ส่วนจัดเก็บหนังสือเก่า สปร
บนชั้น
  ขอยืม

รายการใกล้เคียง
    ผู้แต่ง [นที วารีกิจพันธุ์]

    หัวเรื่อง [สุขภาพ]

BibComment


ยังไม่เคยถูกคอมเมนท์

คอมเมนท์ทรัพยากรรายการนี้
  คอมเมนท์: สุขภาพดีง่ายมากๆ..


 Copyright 2026. Bcnsprnw @Library